ZYN Flavors Sold In the U.S. - Statistics

General Stats
  • This quiz has been taken 126 times
  • The average score is 8 of 10
Answer Stats
Answer % Correct
Spearmint
93%
Citrus
90%
Wintergreen
89%
Coffee
88%
Cinnamon
84%
Peppermint
84%
Cool Mint
82%
Smooth
78%
Chill
70%
Menthol
66%
No matching quizzes found
Score Distribution
Percent of People with Each Score
Percentile by Number Answered
Your Score History
You have not taken this quiz